000 00509nam a2200181 a 4500
001 1771335785489
003 YourLibrary
005 20260220132757.0
008 260217s2010##################000#0#eng##
020 _a9780078050053
082 0 4 _a320
_bWOO
100 1 _aWood, John,
_eauthor.
245 1 0 _aTaking Sides: Clashing Views in State and Local Government :
260 _bMcGraw-Hill Education,
_c2010.
650 0 _aPolitical Science.
942 _cENGLISH
040 _aYourLibrary
_beng
_cYourLibrary
999 _c614239
_d614239